La fábula a través del tiempo (Record no. 61670)

MARC details
000 -LEADER
campo de control de longitud fija 00749nam a2200229 i 4500
001 - NÚMERO DE CONTROL
campo de control 61670
003 - IDENTIFICADOR DE NÚMERO DE CONTROL
campo de control ES-MaACL
005 - FECHA Y HORA DE LA ÚLTIMA TRANSACCIÓN
campo de control 20230906164522.0
007 - CAMPO FIJO DE DESCRIPCIÓN FÍSICA--INFORMACIÓN GENERAL
campo de control de longitud fija t|
008 - DATOS DE LONGITUD FIJA--INFORMACIÓN GENERAL
campo de control de longitud fija 031113s1972 sp ||||1| spa d
245 03 - MENCIÓN DEL TÍTULO
Título La fábula a través del tiempo
Resto del título : de Esopo a Andrés Bello /
Mención de responsabilidad, etc. selección, introducción y notas bibliográficas de V. Méndez, L Sánchez y E. Inglada.
260 ## - PUBLICACIÓN, DISTRIBUCIÓN, ETC.
Lugar de publicación, distribución, etc. Barcelona :
Nombre del editor, distribuidor, etc. Ramón Sopena,
Fecha de publicación, distribución, etc. [1972]
300 ## - DESCRIPCIÓN FÍSICA
Extensión 542 p. :
Otras características físicas il. ;
Dimensiones 22 cm.
490 1# - MENCIÓN DE SERIE
Mención de serie Biblioteca Hispania
650 #4 - PUNTO DE ACCESO ADICIONAL DE MATERIA--TÉRMINO DE MATERIA
Término de materia o nombre geográfico como elemento de entrada Fábulas.
9 (RLIN) 136149
700 1# - ENTRADA AGREGADA--NOMBRE PERSONAL
Nombre de persona Méndez, V.
9 (RLIN) 80135
700 1# - ENTRADA AGREGADA--NOMBRE PERSONAL
Nombre de persona Sánchez, L.
9 (RLIN) 102394
700 1# - ENTRADA AGREGADA--NOMBRE PERSONAL
Nombre de persona Inglada, E.
9 (RLIN) 65291
830 0# - PUNTO DE ACCESO ADICIONAL DE SERIE-TÍTULO UNIFORME
Título uniforme Biblioteca Hispania
9 (RLIN) 182087
852 ## - LOCALIZACIÓN
Ubicación ES-MaACL
Número de control de estantería C-54759
Sublocalización o colección R.87516
Holdings
Estatus retirado Estado de pérdida Estado de daño No para préstamo Biblioteca de origen Biblioteca actual Ubicación en estantería Fecha de adquisición Fuente de adquisición Total de préstamos Signatura topográfica completa Código de barras Visto por última vez Precio de reemplazo Tipo de ítem Koha
        Biblioteca del Ateneo de Madrid Biblioteca del Ateneo de Madrid Depósito 2 17/01/2008     C-54759 1064665 23/02/2023 23/02/2023 Libro impreso